| 000 | 01281nam a2200337 i 4500 | ||
|---|---|---|---|
| 001 | 184862 | ||
| 003 | ES-MaACL | ||
| 005 | 20240228112047.0 | ||
| 008 | 160205s2015 sp |||| | spa d | ||
| 020 | _a978-84-16268-83-2 | ||
| 080 | _a349.243(460) | ||
| 245 | 0 | 0 |
_aMemento práctico Francis Lefebvre. _pPrevención de riesgos laborales 2016-2017 / _c[coordinador, Fernando Villalobos Cabrera]. |
| 246 | 3 | 8 |
_aMemento prevención de riesgos laborales _b: 2016-2017 |
| 246 | 3 | 0 | _aPrevención de riesgos laborales 2016-2017 |
| 250 | _aAct. a 13 de nov. de 2015. | ||
| 260 |
_aMadrid : _bFrancis Lefebvre, _c2015. |
||
| 300 |
_a1816 p., [3] h. ; _c24 cm. |
||
| 490 | 1 | _aMementos prácticos | |
| 500 | _aAnexo legislativo. | ||
| 500 | _aÍndice. | ||
| 596 | _aEn contracub.: Lefebvre. El Derecho. | ||
| 650 | 7 |
_aSeguridad industrial- _zEspaña. _917018 |
|
| 650 |
_aSeguridad industrial- _zEspaña. _917018 |
||
| 700 | 1 |
_aVillalobos Cabrera, Fernando. _9158699 |
|
| 710 | 2 |
_aEdiciones Francis Lefebvre. _9158696 |
|
| 710 | 2 |
_aEl Derecho (Editorial) _9158682 |
|
| 830 | 0 |
_aMementos prácticos _9192240 |
|
| 852 |
_aES-MaACL _jA-15289 _9191877 _cDEPO1 _dOlim: L 349.243 "2016/17" mem _dOlim: Meseton _hDonación: Editorial |
||
| 942 | _2udc | ||
| 999 |
_c184862 _d184862 |
||